Mots cachés Pokémon 1G - Statistiques

Statistiques générales
  • Ce quiz a été pris 66 fois
  • Le résultat moyen est 10 sur 20
Statistiques - réponses
Mot caché Réponse % Correct
aaaaklmz Alakazam
100%
aailqu Aquali
100%
aacelmopst Ectoplasma
100%
giopux Goupix
100%
aegknorux Kangourex
100%
inox Onix
100%
achiru Raichu
100%
gmoos Smogo
100%
aabr Abra
91%
aadfgloss Flagadoss
90%
achikpu Pikachu
89%
ahklloss Lokhlass
88%
eflnorx Ronflex
86%
admortv Tadmorv
86%
abbkry Krabby
83%
emw Mew
83%
airst Stari
83%
aeerttt Têtarte
83%
abo Abo
80%
aaabceffr Carabaffe
80%
ccfnooort Coconfort
80%
aaglop Galopa
80%
abkor Arbok
78%
dgiiknno Nidoking
78%
aaaddgnnrr Dardargnan
75%
acchmo Machoc
75%
aimossu Miaouss
75%
eiikoprrtu Triopikeur
75%
gnnoty Tygnon
75%
eeekklt Élektek
73%
adgmoorrtv Grotadmorv
71%
iloopptuu Lippoutou
71%
eimmm M. Mime
71%
akkkopswy Psykokwak
71%
aaeffilrs Rafflésia
71%
aaakkkww Akwakwak
67%
ddoou Doduo
67%
eilov Évoli
67%
abkotu Kabuto
67%
abbkorss Krabboss
67%
eeeflmo Mélofée
67%
beehmrsty Mystherbe
67%
adkknooo Noadkoko
67%
aaprs Paras
67%
ilopry Pyroli
67%
aacilloru Racaillou
67%
abeeelstt Sabelette
67%
ggmooos Smogogo
67%
aadrrtt Tartard
67%
cefhilort Chétiflor
63%
aaabdkr Kadabra
63%
aacinnr Arcanin
60%
aacchinort Canarticho
60%
ddioor Dodrio
60%
eefginors Férosinge
60%
deeinnoqu Nidoqueen
60%
diinnoor Nidorino
60%
efhinoorrs Rhinoféros
60%
aorssst Staross
60%
aknortt Tortank
60%
efilmopr Empiflor
57%
afielorrrz Florizarre
57%
eefnnoouu Nœunœuf
57%
ddgoooruu Grodoudou
50%
abkopstu Kabutops
50%
aikkosy Kokiyas
50%
aagmmr Magmar
50%
aegmnnot Magnéton
50%
emotww Mewtwo
50%
adiinnor Nidorina
50%
aabcefip Piafabec
50%
anopty Ponyta
50%
gnoopry Porygon
50%
ddnoooruu Rondoudou
50%
adeeenqsuu Saquedeneu
50%
aflrsuu Sulfura
50%
aillotv Voltali
50%
aaiort Otaria
44%
aeprt Ptéra
44%
acehinnp Chenipan
43%
aehmmoprt Métamorph
43%
aaceehlms Salamèche
43%
acinnos Caninos
40%
aacdefruu Dracaufeu
40%
aaceprst Parasect
40%
cehinnoorr Rhinocorne
40%
beloortv Voltorbe
40%
iimmosst Mimitoss
38%
aaimnorst Amonistar
33%
bfiloorstu Boustiflor
33%
adefnru Feunard
33%
eglmor Grolem
33%
adehmnopy Hypnomade
33%
aceeinrstu Insécateur
33%
ceeikkl Kicklee
33%
aaeilmnnt Lamantine
33%
aacegimpr Magicarpe
33%
aegimnt Magnéti
33%
deiort Ortide
33%
aiilnoppsu Papilusion
33%
ioooprssy Poissoroy
33%
almoorss Ramoloss
33%
cloooru Roucool
33%
aaabeilrsu Sablaireau
33%
fiikooprs Soporifik
33%
abbeilrruz Bulbizarre
29%
adinnor Nidoran
29%
aacegnorru Roucarnage
29%
aciopst Aspicot
25%
acdor Draco
25%
aaacghlnrv Gravalanch
25%
eehmopprty Hypotrempe
25%
adeeilnrv Leveinard
25%
aaarttt Rattata
25%
cooprsuu Roucoups
25%
aeipqrtuuu Taupiqueur
25%
aeeimort Aéromite
20%
aceeeglnux Excelangue
20%
acehmopru Machopeur
20%
aeorsstuu Ossatueur
20%
adiprtt Ptitard
20%
cemprstu Spectrum
20%
adiiknort Artikodin
17%
aacdeipprs Rapasdepic
17%
aaacrttt Rattatac
17%
aeilosst Osselait
14%
aceelnrttu Tentacruel
14%
acelnoott Tentacool
13%
abcirrstu Crustabri
11%
afimnnostu Fantominus
11%
aaimnot Amonita
0%
aaccepru Carapuce
0%
accehirrsy Chrysacier
0%
cegilnooss Colossinge
0%
acdeloorss Dracolosse
0%
ceehlort Électhor
0%
cdeeelort Électrode
0%
abeehirrrz Herbizarre
0%
acehnopy Hypocéan
0%
aeilortv Léviator
0%
acegkmnoru Mackogneur
0%
deeefllmo Mélodelfe
0%
acdiimnor Minidraco
0%
aeflnoorst Nosferalto
0%
aefinoprst Nosferapti
0%
aeinprs Persian
0%
eeiinoprss Poissirène
0%
ceeilnprt Reptincel
0%
aabcerrstu Scarabrute
0%
aorstu Tauros
0%
Aucun quiz correspondant
Distribution des résultats
% des personnes avec chaque résultat
Percentile par nombre de réponses
Votre historique - résultats
Vous n’avez pas pris ce quiz